000 00474nam a2200181Ia 4500
005 20250508152013.0
008 008 250505s9999 xx 000 0 eng d
037 _aTextual
040 _aFEDL
_beng
_cFEDL
041 _aeng
_2eng
084 _a916, SUG
_qFEDL
100 _aSuggate L S
245 0 _aAfrica
260 _aLondon, UK
_bGeorge G Harrap and Company Limited
_c1929
300 _a491p.
942 _cTEXL
_h916, SUG
999 _c1333554
_d1333554